Zákon o dani z príjmov s komentárom

Najdôležitejšie zmeny zákona o dani z príjmov po novelách od roku 2019. Ilustračné príklady.

Enregistré dans:
Détails bibliographiques
Auteur principal: Brnová, Miroslava
Autres auteurs: Vidová, Michaela, Murínová, Mária
Format: Chapitre de livre
Langue:slovaque
Sujets:
Tags: Ajouter un tag
Pas de tags, Soyez le premier à ajouter un tag!

MARC

LEADER 00000naa a2200000 4500
001 0251339
005 20190226080510.1
041 0 |a slo 
044 |a SK 
245 1 0 |a Zákon o dani z príjmov s komentárom  |c Miroslava Brnová, Michaela Vidová, Mária Murínová 
520 |a Najdôležitejšie zmeny zákona o dani z príjmov po novelách od roku 2019. Ilustračné príklady. 
610 2 0 |a zákony 
610 2 0 |a novelizácia 
610 2 0 |a Slovensko 
610 2 0 |a dane z príjmov 
100 1 |a Brnová, Miroslava 
700 1 |a Vidová, Michaela 
700 1 |a Murínová, Mária